[Event "XXXV Abierto Ciudad de Sevilla"]
[Site "?"]
[Date "2010.01.11"]
[Round "4"]
[White "Lalic, Bogdan"]
[Black "Estrada Martinez, Cesar"]
[Result "1/2-1/2"]
[WhiteElo "2494"]
[BlackElo "2182"]
[PlyCount "47"]
[EventDate "2010.01.08"]
[SourceDate "2010.01.08"]

1. d4 Nf6 2. Nf3 g6 3. c4 c6 4. Nc3 d5 5. cxd5 cxd5 6. Bf4 Nc6 7. e3 Bg7 8. h3
O-O 9. Bd3 Qb6 10. a3 Bf5 11. Bxf5 gxf5 12. Qc2 e6 13. g4 Ne7 14. Bg5 Qc7 15.
Bxf6 Bxf6 16. O-O-O Rfc8 17. Kb1 b5 18. Qd3 Rab8 19. gxf5 b4 $1 (19... Nxf5 $2
20. Nxd5) 20. axb4 Rxb4 21. Na2 Rb6 22. fxe6 fxe6 23. Rd2 Qb7 24. Rg1+ {
Diagrama # y Lalic prefirió ofrecer tablas a que el peón está compensado. Tras
24...Rh8 25.Cc3 Cf5 el negro podría reforzar su presión sobre b2 y c3 o jugar
Cd6-c4} 1/2-1/2

[Event "XXXV Abierto Ciudad de Sevilla"]
[Site "?"]
[Date "2010.01.11"]
[Round "4"]
[White "Gaitan Ramirez, Alfonso"]
[Black "Lanzani, Mario"]
[Result "0-1"]
[WhiteElo "2038"]
[BlackElo "2369"]
[PlyCount "40"]
[EventDate "2010.01.08"]
[SourceDate "2010.01.08"]

1. c4 Nf6 2. Nc3 c5 3. Nf3 d5 4. cxd5 Nxd5 5. d4 Nxc3 6. bxc3 g6 7. e4 Bg7 8.
Rb1 O-O 9. Be3 cxd4 10. cxd4 Qa5+ 11. Qd2 Qxd2+ 12. Bxd2 b6 13. Bc4 Bb7 14. d5
Rc8 15. Rc1 Ba6 16. Bxa6 Nxa6 17. Ke2 Nc5 18. Ke3 Bh6+ {Diagrama #} 19. Kd4 $2
(19. Ke2 Bg7 20. Ke3 (20. Rc4 b5 21. Rb4 a5 22. Rxb5 Nxe4 23. Rhb1)) 19... e5+
$19 20. dxe6 (20. Kxe5 Re8+ 21. Kd4 Rxe4+ 22. Kc3 Bg7+ 23. Kc2 Rd8 $19) 20...
Rd8+ 0-1

[Event "XXXV Abierto Ciudad de Sevilla"]
[Site "?"]
[Date "2010.01.11"]
[Round "4"]
[White "Ivanov, Jordan"]
[Black "Lemos, Damian"]
[Result "0-1"]
[WhiteElo "2409"]
[BlackElo "2544"]
[PlyCount "84"]
[EventDate "2010.01.08"]
[SourceDate "2010.01.08"]

1. d4 Nf6 2. c4 g6 3. Nc3 Bg7 4. e4 d6 5. Nf3 O-O 6. h3 e5 7. d5 Na6 8. Bg5 Qe8
9. g4 Nd7 10. Rg1 Kh8 11. Be2 Ndc5 12. Qd2 {12.a3 y 12.Cd2 son alternativas}
Bd7 (12... Na4 $5) 13. O-O-O $6 {parece mejor 13.Ch4 c6, o} (13. Bh6 f6 14.
Bxg7+ Kxg7 15. Rb1 Na4 16. Nxa4 Bxa4 17. b4 c6 18. Kf1 cxd5 19. cxd5 Rc8 20.
Qe3 Bb5 21. Kg2 Rc2 22. Bd1 Rxa2 23. Qb3 Ra4 24. Qc3 Ra2 25. Qb3 Ra4 26. Qc3
Ra2 {1/2-1/2 Flear,G-Mollov,E/Clichy 1997}) 13... Ba4 $15 {Diagrama #} 14. Rde1
$2 (14. Rdf1 Nb4 15. Bd1 Nxa2+ $5 16. Nxa2 Bb3 17. Kb1 Bxc4 18. Re1 f6 19. Bh4
$44) 14... Nb4 $17 15. Kb1 (15. Bd1 $2 Nbd3+) (15. Nxa4 $2 Qxa4 $19) (15. Nb5
$5 Nxa2+ 16. Kb1 Bxb5 17. cxb5 Nxe4 18. Qa5 Nxf2 19. Kxa2 e4 $15) 15... Bc2+
$17 16. Ka1 Bxe4 17. Bd1 Bxf3 (17... Bd3) 18. Bxf3 Nbd3 19. Re3 f6 20. Rxd3 (
20. Bh4 Bh6 21. g5 fxg5 22. Bxg5 Bxg5 23. Rxg5 Nf4 $17) 20... Nxd3 (20... fxg5
21. Re3 Rf4 22. Be4 Qf7 $17) 21. Qxd3 fxg5 22. Ne4 Qe7 23. Be2 c6 24. Rd1 Rad8
25. Qa3 a6 26. f3 c5 27. Qa5 b5 28. cxb5 axb5 29. Qxb5 Qa7 30. Qc4 Rb8 31. Qc3
Rb4 32. Bc4 Qa4 33. b3 Qa7 34. Rd3 Rbb8 35. Kb1 Qe7 36. Qa5 Ra8 37. Qb6 Rfd8
38. a4 Bf8 39. Bb5 Rdb8 40. Qc6 Ra7 41. Rc3 Qd8 42. Be2 Rb6 0-1

[Event "XXXV Abierto Ciudad de Sevilla"]
[Site "?"]
[Date "2010.01.11"]
[Round "4"]
[White "Muñoz Martin, Pablo"]
[Black "Hamdouchi, Hicham"]
[Result "0-1"]
[WhiteElo "2255"]
[BlackElo "2601"]
[PlyCount "60"]
[EventDate "2010.01.08"]
[SourceDate "2010.01.08"]

1. d4 g6 2. Nf3 Bg7 3. c4 c5 4. d5 Nf6 5. Nc3 e6 6. e4 exd5 7. cxd5 d6 8. Be2
O-O 9. O-O Re8 10. Nd2 Nbd7 11. h3 g5 12. Nc4 {
12.a4 o 12.Te1 son las alternativas} Nxe4 13. Nxe4 Rxe4 14. Bd3 ({
también se ha jugado} 14. Nxd6 Rd4 15. Qc2 Rxd5 16. Nxf7 Kxf7 17. f4 g4 18.
Bxg4 Bd4+ 19. Kh1 Nf6 20. Bf3 Bf5 21. Qb3 Qd7 22. Be3 c4 23. Qxc4 Bxe3 24. Rad1
Be6 25. f5 Rxd1 26. fxe6+ Qxe6 27. Qxe6+ Kxe6 28. Rxd1 Bf4 29. b3 Rb8 30. g4 b6
31. Rd4 Ke5 32. Ra4 Rc8 33. Rxa7 Be3 34. Kg2 Rc2+ 35. Kf1 Rf2+ 36. Ke1 Rxf3 37.
Ke2 {0-1 Bleis,C-Kuzmin,G/Hastings 2003}) 14... Rh4 (14... Rd4 15. Be3 Rxc4 16.
Bxc4 Bxb2 17. Rb1 Bg7 18. f4 Qe7 19. Qd3 Nb6 20. Rbe1 Qf6 21. fxg5 Qc3 22. Qe4
Qe5 23. Qh4 Nxc4 24. Qxc4 Bxh3 25. Re2 b5 26. Qxb5 Bg4 27. Qb7 Bxe2 28. Qxa8+
Bf8 29. Bf4 Qd4+ 30. Rf2 Qd1+ 31. Kh2 Bc4 32. Rd2 Qg4 33. Rf2 Qh5+ 34. Kg3 h6
35. gxh6 Qg6+ 36. Kh4 Qf6+ 37. Kh3 Qf5+ 38. g4 Qd3+ 39. Kh4 Bxd5 40. Qd8 Be6
41. Qf6 Qd1 42. Rg2 Qf3 43. Rg3 Qf2 44. Kg5 Kh7 45. Re3 Qxa2 46. Bxd6 Qd2 47.
Bf4 Qd7 48. Rxe6 Qxe6 49. Qxe6 fxe6 50. Kf6 e5 51. Bd2 c4 52. g5 Bxh6 53. g6+
Kg8 54. Bxh6 e4 55. Bd2 Kf8 56. Bc3 {1-0 Raicevic,V-Dizdarevic,E/Zlatibor 1989}
) 15. Nxd6 Ne5 (15... Nb6 16. Nxc8 Rxc8 17. Bf5 Rc7 18. d6 Rc6 19. d7 Rd4 20.
Qc2 h6 21. Be3 Nxd7 22. Bxd4 Bxd4 23. Bxd7 Qxd7 24. Rad1 {
1/2-1/2 Popov,L-Hartoch,R/Wijk aan Zee 1977}) 16. Nf5 Bxf5 (16... c4 17. Bc2
Bxf5 18. Bxf5 Rd4 19. Qc2 Nd3 20. Be3 Rxd5 21. Be4 Nxb2 22. Bxh7+ Kh8 23. Be4
Rd7 24. Qe2 Nd3 25. Qh5+ Kg8 26. Qh7+ Kf8 27. Bxd3 cxd3 28. Bc5+ Re7 29. Rae1 {
1-0 Donner,J-Hartoch,R/Wijk aan Zee 1972}) 17. Bxf5 Qf6 18. Qc2 Rc4 ({
apartándose de} 18... g4 19. hxg4 Nxg4 20. Bf4 Ne5 21. Bg3 Rh5 22. Bh3 Nf3+ 23.
gxf3 Rxh3 24. Kg2 Rh5 25. Rh1 Rf5 26. Qe4 Qg5 27. Rh4 h5 28. d6 Rd8 29. Rd1 Bd4
30. Rdh1 Qg6 31. d7 Kg7 32. Qe8 Bf6 33. Rg4 hxg4 34. Rh8 gxf3+ 35. Kg1 Re5 36.
Rg8+ Kh7 37. Rxg6 Rdxe8 38. dxe8=Q Rxe8 39. Rxf6 {
1-0 Rumiancev,B-Piesina,G/Vilnius 1979}) 19. Bxh7+ Kh8 {Diagrama #} 20. Qf5 $6
(20. Qb1 g4 21. Bf5 gxh3 22. Bxh3 $13) 20... Qh6 $15 21. f4 gxf4 22. Bxf4 Rxf4
23. Rxf4 Qxh7 24. Qg5 (24. Rd1 Qxf5 25. Rxf5 Nc4 $17) 24... Ng6 25. Rf5 Rg8 (
25... Bd4+ 26. Kh1 Ne7 $19) 26. Kh1 $2 (26. Qh5 Bd4+ 27. Kf1 Qxh5 28. Rxh5+ Kg7
$17) 26... Bxb2 $19 27. Raf1 Nh4 28. Qd2 Nxf5 29. Qxb2+ Nd4 30. Qxb7 Qe4 0-1

[Event "XXXV Abierto Ciudad de Sevilla"]
[Site "?"]
[Date "2010.01.11"]
[Round "4"]
[White "Saravanan, V."]
[Black "Korneev, Oleg"]
[Result "0-1"]
[WhiteElo "2356"]
[BlackElo "2573"]
[PlyCount "60"]
[EventDate "2010.01.08"]
[SourceDate "2010.01.08"]

1. Nf3 d5 2. d4 Nf6 3. c4 e6 4. Nc3 c6 5. e3 Nbd7 6. Qc2 Bd6 7. Bd3 O-O 8. O-O
dxc4 9. Bxc4 a6 10. a4 c5 11. dxc5 Bxc5 12. b3 b6 13. Ne4 Be7 14. Rd1 Nxe4 15.
Qxe4 Nf6 16. Qc2 Qe8 17. Bb2 Bb7 18. Ne5 Rd8 19. Bd4 (19. Bd3 $5 h6 20. e4)
19... Nd5 (19... Bc5) 20. Qe2 $16 f6 21. Nf3 Kh8 22. Bxa6 Ba8 23. Rac1 Ba3 24.
Bb2 Bd6 25. Bb5 Qh5 {Diagrama #} 26. Bc6 $2 (26. h3) (26. Rd4) 26... Bxh2+ 27.
Kf1 Bxc6 28. Rxc6 Be5 29. Bxe5 $2 (29. Kg1) 29... Qh1+ 30. Ng1 Nxe3+ 0-1

[Event "XXXV Abierto Ciudad de Sevilla"]
[Site "?"]
[Date "2010.01.11"]
[Round "4"]
[White "Ferrer Garcia, Isaac"]
[Black "Cabrera Trujillo, Jorge Juan"]
[Result "1/2-1/2"]
[WhiteElo "2161"]
[BlackElo "2384"]
[PlyCount "34"]
[EventDate "2010.01.08"]
[SourceDate "2010.01.08"]

1. e4 c5 2. Nc3 a6 3. f4 b5 4. Nf3 Bb7 5. d3 e6 6. g3 d5 7. exd5 exd5 8. Bg2
Bd6 9. O-O Ne7 10. a4 b4 11. Ne2 d4 12. c3 dxc3 13. bxc3 O-O 14. d4 Nbc6 15.
Be3 Nd5 16. Bf2 {Diagrama #} bxc3 $6 (16... cxd4 17. Nfxd4 Nxd4 18. Bxd4 Re8
$15) 17. dxc5 Be7 $14 1/2-1/2

[Event "XXXV Abierto Ciudad de Sevilla"]
[Site "?"]
[Date "2010.01.11"]
[Round "4"]
[White "Barria Zuñiga, Daniel"]
[Black "Guidi, Maurzio"]
[Result "1/2-1/2"]
[WhiteElo "2430"]
[BlackElo "2042"]
[PlyCount "59"]
[EventDate "2010.01.08"]
[SourceDate "2010.01.08"]

1. d4 g6 2. e4 Bg7 3. Nc3 d6 4. Be3 Nd7 5. g4 e5 6. h4 h5 7. g5 Ne7 8. Qd2 O-O
9. O-O-O a6 10. f4 exf4 11. Bxf4 b5 12. Nf3 Bb7 13. Qe3 Re8 14. Qd3 Nb6 15. Bg2
b4 16. Ne2 a5 17. Ng3 Ba6 $15 18. Qd2 Nc4 19. Qf2 Qd7 20. Kb1 a4 21. Nd2 Rab8
22. Nxc4 Bxc4 23. Bf1 Bxf1 (23... Be6 $5) 24. Rhxf1 Nc6 25. Be3 b3 26. cxb3
axb3 27. a3 d5 28. e5 Na5 29. Bc1 Nc4 30. Rd3 {Diagrama # Guidi debía estar
condicionado por el Elo de su rival al aceptar las tablas. Tras 30...c5 31.
dxc5 Cxe5 la ventaja negra es decisiva} 1/2-1/2

[Event "XXXV Abierto Ciudad de Sevilla"]
[Site "?"]
[Date "2010.01.11"]
[Round "4"]
[White "Diogo, Vasco"]
[Black "Fernandez Rodriguez, Jose Antonio"]
[Result "1-0"]
[WhiteElo "2303"]
[BlackElo "2030"]
[PlyCount "85"]
[EventDate "2010.01.08"]
[SourceDate "2010.01.08"]

1. e4 d5 2. exd5 Qxd5 3. Nc3 Qd6 4. d4 Nf6 5. Nb5 Qb6 6. c4 c6 7. Nc3 g6 8. Nf3
Bg7 9. Be2 O-O 10. O-O Nbd7 11. a3 Re8 12. Bf4 Nh5 13. Be3 Qc7 14. Re1 Nf4 (
14... e5 $5) 15. Bf1 $16 Nf8 16. Qd2 Nh5 17. h3 {Diagrama #} f5 $2 18. Bh6 $18
Be6 19. Rad1 Rad8 20. Bxg7 Nxg7 21. Ne5 Nd7 22. Qf4 Nxe5 23. Rxe5 Nh5 24. Qe3
f4 25. Qe2 Bf7 26. Qe4 Qd6 27. Be2 Ng7 28. d5 Qf6 29. Re1 g5 30. Bf3 Bg6 31.
Qd4 b6 32. Ne4 Bxe4 33. Qxe4 cxd5 34. cxd5 a5 35. Be2 Rd6 36. Bb5 Red8 37. Bd3
Qh6 38. Rxe7 Rf8 39. Qf3 Qf6 40. R1e5 Rc8 41. Qg4 Rc1+ 42. Kh2 Rxd5 43. Rxg7+
1-0

[Event "XXXV Abierto Ciudad de Sevilla"]
[Site "?"]
[Date "2010.01.11"]
[Round "4"]
[White "Starostits, Ilmars"]
[Black "Spraggett, Kevin"]
[Result "1-0"]
[WhiteElo "2471"]
[BlackElo "2586"]
[PlyCount "93"]
[EventDate "2010.01.08"]
[SourceDate "2010.01.08"]

1. e4 c5 2. Nc3 Nc6 3. g3 g6 4. Bg2 Rb8 5. f4 Bg7 6. Nf3 b5 7. e5 b4 8. Ne4 d6
9. d4 Nxd4 10. Nxd4 cxd4 11. Qxd4 dxe5 12. Qxd8+ Kxd8 13. Be3 exf4 (13... Bb7)
14. Bxa7 (14. Bxf4 e5 15. Be3 Bb7 16. Bxa7 Rc8) 14... Rb7 15. O-O-O+ Kc7 16.
Bd4 e5 17. Bc5 Bg4 {Diagrama #} 18. gxf4 $1 Bxd1 19. Rxd1 Nh6 (19... Rb5 20.
Bd6+ Kb6 21. c4 bxc3 22. Nxc3 $16) 20. Bd6+ Kc8 21. fxe5 Nf5 22. Rd5 $16 Bh6+
$6 (22... Ra7 23. Kb1 Rd8) 23. Kb1 Be3 $2 (23... Bf8 24. Bh3 Ra7 25. Rd4 $16 (
25. Ng3 Bxd6 26. Nxf5 gxf5 27. Bxf5+ Kc7 28. exd6+ Kc6 29. Rd4 $11)) 24. Bh3
$18 Rg8 25. b3 (25. Rd3 Ba7 26. Ng3 $18) 25... h5 26. Rd3 Ba7 27. Ng3 Rb5 28.
Nxf5 gxf5 29. Bxf5+ Kb7 30. Be4+ Kc8 31. a4 bxa3 32. Ka2 {Diagrama #} (32. c4)
32... Rg1 $2 (32... Rg5 33. b4 Rbxe5 34. Bxe5 Rxe5 $16) 33. c4 $18 Rc5 34. Bd5
Rf1 35. b4 Rc7 36. c5 Rf2+ 37. Kxa3 Bb8 38. Bxc7 Bxc7 39. e6 fxe6 40. Bxe6+ Kb8
41. h3 Re2 42. Bd5 Bf4 43. Bf3 Bc1+ 44. Ka4 Ra2+ 45. Kb5 h4 46. Kb6 Rd2 47. c6
1-0

[Event "XXXV Abierto Ciudad de Sevilla"]
[Site "?"]
[Date "2010.01.11"]
[Round "4"]
[White "Andersson, Ulf"]
[Black "Berbatov, Kiprian"]
[Result "1/2-1/2"]
[WhiteElo "2575"]
[BlackElo "2455"]
[PlyCount "96"]
[EventDate "2010.01.08"]
[SourceDate "2010.01.08"]

1. Nf3 Nf6 2. d4 g6 3. g3 Bg7 4. Bg2 O-O 5. O-O d6 6. Re1 Nbd7 7. Nc3 e5 8. e4
c6 9. a4 a5 10. h3 Qb6 11. Rb1 exd4 12. Nxd4 Ne5 13. Nde2 Re8 14. Nf4 h5 15. b3
Qc5 16. Nce2 Ned7 17. Nd3 Qb6 18. Nef4 Nc5 {
la ubicación natural de la dama es c7, esto permite al blanco desplazarla} 19.
Nxc5 Qxc5 20. Be3 Qe5 21. Bd4 Qe7 22. Qd2 $16 {el alfil esperó pacientemente
en c1 su "momento" Ahora ocupa la gran diagonal y comienza la presión sobre d6}
h4 23. Rbd1 hxg3 24. fxg3 Be6 25. Bc3 {Diagrama #} Nd7 $2 ({era preferible} 
25... d5 26. Bxf6 Qxf6 27. exd5 cxd5 28. Bxd5 $16) 26. Bxg7 Kxg7 27. Qxd6 Qxd6
28. Rxd6 $16 Ne5 29. Red1 g5 30. Nd3 (30. Nxe6+ Rxe6 31. Rxe6 fxe6 32. Kf2 $16)
30... Kf6 31. Rf1+ (31. Nc5 b6 32. Nxe6 Rxe6 33. Kf2) 31... Ke7 32. Rd4 Nxd3
33. Rxd3 Rh8 $14 {Diagrama #} 34. Kf2 $6 (34. g4) 34... Bxh3 35. Bxh3 Rxh3 36.
Kf3 Rh2 37. Rfd1 (37. c4 Ke6) 37... Rxc2 38. Rd7+ Ke6 39. Rxb7 g4+ 40. Kxg4
Rg8+ 41. Kf4 Rf2+ 42. Ke3 Rg2 43. Rf1 R8xg3+ 44. Rf3 Rxf3+ 45. Kxf3 Rb2 46. Kf4
f6 47. Ra7 Rxb3 48. Rxa5 Ra3 1/2-1/2

[Event "XXXV Abierto Ciudad de Sevilla"]
[Site "?"]
[Date "2010.01.11"]
[Round "4"]
[White "Hickl, Joerg"]
[Black "Komljenovic, Davorin"]
[Result "1/2-1/2"]
[WhiteElo "2572"]
[BlackElo "2431"]
[PlyCount "79"]
[EventDate "2010.01.08"]
[SourceDate "2010.01.08"]

1. g3 g6 2. Bg2 Bg7 3. c4 e6 4. Nf3 d5 5. O-O Ne7 6. Na3 O-O 7. Rb1 c5 8. d3
Nbc6 9. Bd2 e5 10. cxd5 Nxd5 11. Qa4 Ndb4 12. Rfc1 Qe7 13. Nc4 Bd7 14. Qa3 b6
15. Bxb4 Nxb4 16. Ne1 (16. Nfxe5 Bxe5 17. Bxa8 Rxa8 18. Nxb6 Rd8 19. Nxd7 Rxd7
20. Rc4 $11) 16... Bc6 17. Bxc6 Nxc6 $15 18. e3 Rad8 19. Qa4 Nb4 20. Rd1 Qb7
21. Qb3 b5 22. a3 bxc4 23. dxc4 e4 24. axb4 cxb4 25. Nc2 a5 26. Nd4 Qb6 27. Nb5
Rxd1+ 28. Rxd1 Rd8 29. Rxd8+ Qxd8 30. c5 {Diagrama #} Qd3 (30... Be5) 31. Qa4 (
31. Qxd3 exd3 32. Kf1 Kf8 $11 (32... Bxb2 33. c6 Be5 34. c7 Bxc7 35. Nxc7 a4
36. Nb5 $18)) 31... Bxb2 32. Nd6 (32. c6 b3 33. c7 Qd1+ $11) 32... Kg7 33. Kg2
(33. Ne8+) 33... Be5 34. Qd7 Bxd6 35. cxd6 Qd1 36. Qc7 Qf3+ 37. Kg1 b3 38. Qxa5
Qd1+ 39. Kg2 Qxd6 40. Qc3+ 1/2-1/2

[Event "XXXV Abierto Ciudad de Sevilla"]
[Site "?"]
[Date "2010.01.11"]
[Round "4"]
[White "Rizouk, Aimen"]
[Black "Barrero Garcia, Carlos"]
[Result "1-0"]
[WhiteElo "2532"]
[BlackElo "2421"]
[PlyCount "87"]
[EventDate "2010.01.08"]
[SourceDate "2010.01.08"]

1. e4 c6 2. d4 d5 3. e5 c5 4. dxc5 e6 5. Be3 Qc7 6. Nc3 Qxe5 7. Nf3 Qc7 8. Nb5
Qd8 9. Bf4 Na6 10. Qd4 f6 11. Nd6+ Bxd6 12. Bxd6 Nh6 13. Qa4+ Bd7 14. Qa3 Nf5
15. c4 d4 (15... Nxd6 16. cxd6 Qb6) 16. b4 e5 17. b5 Nc7 18. Bd3 Nxd6 (18...
Qc8) 19. cxd6 Ne6 20. c5 a6 21. bxa6 {Diagrama #} Bc6 (21... Qc8) 22. Bc4 $16
Qd7 (22... Nf4) 23. O-O $18 Nf4 24. Nxd4 exd4 25. Rfe1+ Kf8 26. Re7 Qg4 27.
Rf7+ Kg8 28. Rxb7+ Kf8 29. Rf7+ Kg8 30. Ra7+ Kf8 31. Rf7+ Kg8 32. Rxf6+ Nd5 33.
Rf3 g6 34. Re1 Kg7 35. h3 Qh4 36. Qd3 Rhe8 37. Rxe8 Rxe8 38. g3 Qxh3 39. Qxd4+
Kh6 40. Qh4+ Qxh4 41. gxh4 Kh5 42. Bxd5 Bxd5 43. Re3 Rb8 44. Re5+ 1-0

[Event "XXXV Abierto Ciudad de Sevilla"]
[Site "?"]
[Date "2010.01.11"]
[Round "4"]
[White "Bhat Vinay, S."]
[Black "Hamdouchi, Adina-Maria"]
[Result "1-0"]
[WhiteElo "2540"]
[BlackElo "2295"]
[PlyCount "123"]
[EventDate "2010.01.08"]
[SourceDate "2010.01.08"]

1. d4 g6 2. c4 Bg7 3. Nf3 d6 4. Nc3 Nc6 5. d5 Ne5 6. Nd2 f5 7. g3 Nf6 8. Bg2
O-O 9. O-O c5 10. dxc6 bxc6 11. b3 Rb8 12. Qc2 c5 13. Bb2 Bb7 14. Nf3 Nxf3+ 15.
exf3 f4 16. Rad1 Qd7 17. Rfe1 Rf7 18. Nd5 Nxd5 19. cxd5 Qf5 20. Qe2 Bxb2 21.
Qxb2 Re8 22. b4 cxb4 23. Qxb4 Bc8 24. Re4 g5 25. g4 Qf6 26. Rc1 h5 27. h3 hxg4
28. fxg4 Rff8 29. Rc7 {Diagrama #} Ba6 $2 (29... f3 30. Bf1 a6) 30. Re6 $18
Qa1+ 31. Re1 Qf6 32. Re6 Qa1+ 33. Qe1 $6 (33. Kh2 Bd3 34. Qd2 Bh7 35. Rxa7 $18)
33... Qxe1+ 34. Rxe1 $16 f3 35. Bf1 Bxf1 36. Kxf1 Rf7 37. Rxa7 Rh7 38. Kg1 Rxh3
$2 (38... e5 39. Rxh7 Kxh7) 39. Raxe7 Rxe7 (39... Ra8 40. Re8+ Rxe8 41. Rxe8+
Kf7 42. Re3 $16) 40. Rxe7 Rh4 41. Re4 Kf7 42. a4 Rh8 43. Re3 Ra8 44. Rxf3+ Kg6
45. Re3 Rxa4 46. Re6+ Kf7 47. f3 Rf4 48. Kf2 Rf6 49. Re4 Rh6 50. Kg3 Rh8 51.
Re6 Rd8 52. Kf2 Kg7 53. Ke3 Kf7 54. Ke4 Kg7 55. Kf5 Rf8+ 56. Kxg5 Rxf3 57. Rxd6
Rd3 58. Rd7+ Kf8 59. Kf6 Rf3+ 60. Kg6 Ke8 61. Rd6 Ke7 62. Re6+ 1-0

[Event "XXXV Abierto Ciudad de Sevilla"]
[Site "?"]
[Date "2010.01.11"]
[Round "4"]
[White "Mirzoev, Azer"]
[Black "Rivas Pastor, Manuel"]
[Result "1/2-1/2"]
[WhiteElo "2594"]
[BlackElo "2531"]
[PlyCount "86"]
[EventDate "2010.01.08"]
[SourceDate "2010.01.08"]

1. d4 Nf6 2. Nf3 e6 3. c4 d5 4. e3 c5 5. Nc3 Nc6 6. a3 a6 7. dxc5 Bxc5 8. b4
Bd6 9. cxd5 exd5 10. Bb2 O-O 11. Be2 Bg4 12. O-O Rc8 13. b5 Na5 14. bxa6 bxa6
15. Na4 (15. Bxa6 Rc6 16. Be2 Nc4 17. Bxc4 dxc4 18. h3 Bh5 $11) 15... Nc4 16.
Bxf6 Qxf6 17. Qxd5 Rfd8 18. Bxc4 Be6 19. Qg5 Qxg5 20. Nxg5 Rxc4 21. Nxe6 fxe6
22. Nb2 Rc2 23. Nd3 Bxh2+ 24. Kxh2 Rxd3 {Diagrama #} 25. a4 Rdd2 26. Kg3 Ra2
27. Rac1 Rxa4 28. Rc7 h5 29. Ra7 Rg4+ 30. Kf3 e5 31. g3 Ra2 32. Rh1 Rg5 (32...
e4+ 33. Kg2 Rg5 34. Rh4 Rf5 35. Rf4 Rxf4 36. gxf4 $11) 33. e4 a5 34. Rd1 Rg6
35. Rdd7 Rb2 36. Ke3 Rb3+ 37. Rd3 Rxd3+ 38. Kxd3 Re6 39. Rxa5 Kf7 40. f4 Kf6
41. Ra8 g6 42. Ke3 Rb6 43. fxe5+ Kxe5 {Diagrama # Ilegible} 1/2-1/2

[Event "XXXV Abierto Ciudad de Sevilla"]
[Site "?"]
[Date "2010.01.11"]
[Round "4"]
[White "Rioboo De Larriva, Alvaro"]
[Black "Franco Ocampos, Zenon"]
[Result "0-1"]
[WhiteElo "2186"]
[BlackElo "2535"]
[PlyCount "120"]
[EventDate "2010.01.08"]
[SourceDate "2010.01.08"]

1. e4 c5 2. Nc3 e6 3. f4 d5 4. Nf3 Nc6 5. Bb5 Nf6 6. e5 Nd7 7. O-O Qc7 8. Re1
a6 9. Bf1 Be7 10. a4 O-O 11. g3 Kh8 12. d3 f6 13. exf6 Nxf6 14. Bh3 Nd4 15.
Nxd4 cxd4 16. Nb1 e5 17. Bxc8 Raxc8 18. fxe5 Nd7 19. e6 Ne5 (19... Nf6 $11) 20.
Bf4 Bd6 21. Qh5 $14 Ng6 22. Bxd6 Qxd6 23. Nd2 {Diagrama #} Rf6 $2 (23... Rxc2
24. Nf3 h6) 24. Nf3 $18 h6 25. Ne5 $6 (25. Nxd4) 25... Nxe5 26. Qxe5 Qc6 (26...
Qe7) 27. e7 Re8 28. Rf1 Kg8 29. Rae1 Rxf1+ 30. Rxf1 Qd7 31. Re1 Kf7 32. Qh5+ $6
(32. Qxd4 $18) 32... Kg8 33. Qe5 Kf7 34. Rf1+ $6 Kg8 35. Rf5 $2 (35. Rf8+ Rxf8
36. exf8=Q+ Kxf8 37. Qxd4 $16) 35... Rxe7 36. Qxd5+ Kh7 (36... Qxd5 37. Rxd5
Re1+ 38. Kf2 Rc1 39. Rc5 $16) 37. Qxd7 Rxd7 38. Kf1 Kg6 39. Rf2 Kg5 40. Ke2 Kg4
41. c3 Kh3 42. cxd4 Rxd4 43. Rf4 $6 (43. Ke3 Rxa4 44. d4 $16) 43... Rd6 {
Diagrama #} 44. Rh4+ $6 (44. Rf7 $6) 44... Kg2 45. Rg4 $6 (45. Rh5) 45... g5
$11 46. h4 $6 (46. Re4 h5 47. h4 g4 48. Re3) 46... Kh3 $15 47. Rb4 $2 (47. Re4
Kxg3 48. hxg5 hxg5 $15) 47... g4 48. Rxb7 Kxg3 49. h5 $19 (49. a5) 49... Kh2
50. Rb4 Kh3 51. Rb8 g3 52. Rg8 g2 53. Kf2 Rf6+ 54. Ke3 Rf5 55. Rxg2 Kxg2 56. b4
Rxh5 57. Kd4 Rg5 58. Kc4 h5 59. b5 axb5+ 60. axb5 h4 0-1

[Event "XXXV Abierto Ciudad de Sevilla"]
[Site "?"]
[Date "2010.01.12"]
[Round "5"]
[White "Estrada Martinez, Cesar"]
[Black "Razmyslov, Alexander"]
[Result "0-1"]
[WhiteElo "2182"]
[BlackElo "2431"]
[PlyCount "62"]
[EventDate "2010.01.08"]
[SourceDate "2010.01.08"]

1. Nf3 Nf6 2. d4 c5 3. c4 cxd4 4. Nxd4 e5 5. Nb5 d5 6. cxd5 Bc5 7. e3 O-O 8.
N5c3 e4 9. Be2 Qe7 10. O-O Rd8 11. Nd2 ({no dio problemas al negro} 11. Qc2 Bf5
12. Nd2 Nbd7 {0-1 McGarrett,I-Spraggett,G/Canada 1992}) 11... a6 12. Qb3 ({tras
} 12. Nb3 Ba7 13. Qc2 Bf5 14. Rd1 Nbd7 15. Nd4 Bg6 16. d6 Qe5 {
el negro quedó bien; Andreikin,D-Nepomniashchy,Y/Kirishi 2005}) 12... b5 13.
Rd1 ({apartándose de} 13. Qc2 Bf5 14. a3 Nbd7 15. b4 Ba7 16. Bb2 Rac8 17. Qb3
Ne5 18. Rfd1 Neg4 19. Nf1 Qd6 20. h3 Nxf2 21. Kxf2 Qf4+ 22. Kg1 Bxe3+ 23. Kh1
Ba7 24. d6 Qf2 25. Nh2 Be6 26. Qc2 Nh5 27. Nxe4 Rxc2 28. Nxf2 Ng3+ 29. Kg1
Nxe2+ {0-1 Brueckmann,G-Feicht,A/Bad Zwesten 1999}) 13... Bd6 14. Nf1 Nbd7 15.
a3 Nb6 16. a4 b4 17. a5 Nbd7 18. Na4 Bb7 19. Ng3 Qe5 20. Bc4 h5 21. Bd2 ({
aunque arriesgado era interesante} 21. f4 exf3 22. gxf3 Rac8 23. f4) 21... h4
22. Nf1 Qe7 {Diagrama #} 23. Nb6 $2 (23. Bxb4 $1 Bxb4 24. d6 Bxd6 25. Qxb7 Rdb8
26. Qc6 Ne5 (26... Bb4 27. Bd5 $11) 27. Qxd6 Qxd6 28. Rxd6 Nxc4 29. Rd4 Nxa5
30. Nd2 $11 {resolvía los problemas blancos}) 23... Nxb6 24. axb6 Nxd5 {
algo debió omitir César en sus cálculos} 25. Be1 Nxb6 26. Rxd6 Rxd6 27. Bxb4
Nxc4 28. Qxc4 Qe6 29. Qc7 Rd7 30. Qf4 h3 31. Ng3 Rad8 0-1

[Event "XXXV Abierto Ciudad de Sevilla"]
[Site "?"]
[Date "2010.01.12"]
[Round "5"]
[White "Teran Alvarez, Ismael"]
[Black "Spraggett, Kevin"]
[Result "1/2-1/2"]
[WhiteElo "2425"]
[BlackElo "2586"]
[PlyCount "67"]
[EventDate "2010.01.08"]
[SourceDate "2010.01.08"]

1. e4 c5 2. Nf3 e6 3. d4 cxd4 4. Nxd4 a6 5. Bd3 Bc5 6. Nb3 Be7 7. Qg4 Bf6 ({
la alternativa es} 7... Nf6 8. Qg3 ({complejo es} 8. Qxg7 Rg8 9. Qh6 Nc6 10.
Nc3 b5) 8... d6 9. O-O O-O $13) 8. O-O {su han jugado 8.f4 y 8.Cc3} Nc6 9. f4
d6 10. Qe2 Nge7 11. N1d2 Ng6 ({se ha jugado} 11... O-O 12. a4 g6 13. Kh1) 12.
Nf3 O-O 13. c3 Qc7 14. Be3 Re8 15. Qf2 Bd8 16. Kh1 Nf8 17. Rae1 b6 18. Nbd4 Bb7
19. Qg3 Kh8 20. e5 ({también era prometedor} 20. Nxc6 Bxc6 21. Bd4 f6 (21...
Bf6 22. Bxf6 gxf6 23. Qh4 Qe7 24. Qh6 $16) 22. e5) 20... f6 (20... Be7 21. Nxc6
Bxc6 22. Bd4 f6 $16) 21. Nxc6 Bxc6 {Diagrama #} 22. exf6 ({
parece mejor mantener la presión con} 22. Bd4) 22... Bxf6 23. Bd4 Bxd4 24. Nxd4
Bd5 25. a3 b5 26. Re2 Qf7 27. Rfe1 Rac8 28. Be4 Bxe4 29. Rxe4 Rc7 30. Qe3 Rce7
31. Nc6 Rb7 32. Nd4 {
un tácito ofrecimiento de tablas pese a que la posición blancas es preferible}
Rbe7 33. Nc6 Rb7 34. Nd4 1/2-1/2